000 00350nam a2200133 i 4500
001 bg
100 1 _aWILK, Marian
245 0 _aPomoc i współpraca :
_bpolsko - radzieckie stosunki gospodarcze w latach /
_cMarian Wilk.
260 _aWarszawa,
_c1976.
040 _cBPK
041 _apol
942 _cKS
008 s pl f |000 0 pol
999 _c26930
_d26930
856 _uhttp://koha.tu.koszalin.pl/cgi-bin/koha/opac-detail.pl?biblionumber=26930
_yKatalog online BPK